Tania Bruguera (Record no. 715)
[ view plain ]
| 000 -LEADER | |
|---|---|
| campo de control de longitud fija | 00673nam a22001697a 4500 |
| 008 - DATOS DE LONGITUD FIJA--INFORMACIÓN GENERAL | |
| campo de control de longitud fija | 150817b xxu||||| |||| 00| 0 eng d |
| 082 ## - NÚMERO DE LA CLASIFICACIÓN DECIMAL DEWEY | |
| Número de clasificación | 709.040.755 |
| Número de ítem | B891e |
| 100 ## - ENTRADA PRINCIPAL--NOMBRE DE PERSONA | |
| Nombre de persona | Bruguera, Tania |
| 9 (RLIN) | 3275 |
| 245 ## - MENCIÓN DEL TÍTULO | |
| Título | Tania Bruguera |
| Resto del título | Esercizio di resistenza : Torino : 27.11.2003-24.01.2004 |
| Mención de responsabilidad, etc. | Tania Bruguera, Roberto Pinto [curador] |
| 260 ## - PUBLICACIÓN, DISTRIBUCIÓN, ETC. | |
| Lugar de publicación, distribución, etc. | Torino |
| Nombre del editor, distribuidor, etc. | Franco Soffiantino arte contemporaena |
| Fecha de publicación, distribución, etc. | [2003] |
| 300 ## - DESCRIPCIÓN FÍSICA | |
| Extensión | 79 p. ; |
| Otras características físicas | ill (some col.) |
| Dimensiones | 18 cm |
| 500 ## - NOTA GENERAL | |
| Nota general | Texto en idioma italiano. |
| 600 ## - PUNTO DE ACCESO ADICIONAL DE MATERIA--NOMBRE DE PERSONA | |
| Nombre de persona | Bruguera, Tania |
| Subdivisión de forma | Exhibiciones |
| 9 (RLIN) | 3276 |
| 650 ## - PUNTO DE ACCESO ADICIONAL DE MATERIA--TÉRMINO DE MATERIA | |
| Término de materia o nombre geográfico como elemento de entrada | Arte-Representación (performance) |
| Subdivisión geográfica | Torino-Italia |
| 9 (RLIN) | 3277 |
| 650 ## - PUNTO DE ACCESO ADICIONAL DE MATERIA--TÉRMINO DE MATERIA | |
| Término de materia o nombre geográfico como elemento de entrada | Arte Moderno |
| 9 (RLIN) | 145 |
| 700 ## - ENTRADA AGREGADA--NOMBRE PERSONAL | |
| Nombre de persona | Pinto, Roberto [curador] |
| 9 (RLIN) | 3278 |
| Estatus retirado | Estado de pérdida | Fuente del sistema de clasificación o colocación | Estado de daño | No para préstamo | Biblioteca de origen | Biblioteca actual | Ubicación en estantería | Fecha de adquisición | Total de préstamos | Signatura topográfica completa | Código de barras | Visto por última vez | Precio de reemplazo | Tipo de ítem Koha |
|---|---|---|---|---|---|---|---|---|---|---|---|---|---|---|
| Clasificación Decimal Dewey | Biblioteca LadoV | Biblioteca LadoV | 17/08/2015 | 709.040.755 B891e | 000667 | 17/08/2015 | 17/08/2015 | Material 01 |
